000 00662nam a2200229Ia 4500
003 OSt
005 20220925231302.0
006 a|||||r|||| 00| 0
007 ta
008 220923b |||||||| |||| 00| 0 eng d
037 _cGeneral Book
040 _aRTL
_cRTL
_beng
041 _2eng
_aeng
082 _aX71.212.N56, J6
110 _aTRAVANCORE-COCHIN (Govt. of-)
_9295249
245 0 _aAppendices to the detailed budget estimates 1956-57
260 _aMadras
_bGovt press
_c1956
300 _a107p
_ccm.
700 _aTRAVANCORE-COCHIN (Govt. of-)
_9295250
942 _hX71.212.N56, J6
_cGB
_2CC
999 _c587999
_d587999